000 00303nam a2200121Ia 4500
100 _aThomas.R & Other
942 _cBK
654 _aAdvanced Programmers Guide
245 _aAdvanced Programmers Guide to Unix System. V
260 _bMcGraw Hill
_aSingapore
_c1987
300 _a575
546 _aENGLISH
999 _c26144
_d26144